000 00316nam a2200121Ia 4500
008 231129s9999||||xx |||||||||||||| ||spa||
040 _bspa
082 _a305.42 C873ch
100 _aCovarrubias Paz
245 0 _aChile: mujer y sociedad
264 _aFondo de las Naciones Unidas para la Infancia
942 _2ddc
_cBKS
999 _c6904
_d6904